Central Library OPAC University of Rajshahi

Progress in cosmic ray physics / (Record no. 71940)

MARC details
000 -LEADER
fixed length control field 00676nam a2200229 4500
001 - CONTROL NUMBER
control field 71940
003 - CONTROL NUMBER IDENTIFIER
rucl marc code BD-RjUL
005 - DATE AND TIME OF LATEST TRANSACTION
control field 20211209082205.0
008 - FIXED-LENGTH DATA ELEMENTS--GENERAL INFORMATION
fixed length control field 170509s1952 nikau0 b 0 1 a0eng d
035 ## - SYSTEM CONTROL NUMBER
System control number (BD-RjUL)72156
040 ## - CATALOGING SOURCE
Original cataloging agency NSD
Transcribing agency NSD
Modifying agency NYG
-- NjP
Language of cataloging eng
041 ## - LANGUAGE CODE
Language code of text/sound track or separate title eng
082 ## - DEWEY DECIMAL CLASSIFICATION NUMBER
Edition number 23
Classification number 539.7223
Author mark and year PRO 1952
245 00 - TITLE STATEMENT
Title Progress in cosmic ray physics /
Statement of responsibility, etc. edited by J. G. Wilson
260 ## - PUBLICATION, DISTRIBUTION, ETC. (IMPRINT)
Place of publication, distribution, etc. Amsterdam :
Name of publisher, distributor, etc. North-Holland,
Date of publication, distribution, etc. 1952
300 ## - PHYSICAL DESCRIPTION
Pagination xvi, 557 p. :
Illustrations ill. ;
Size 24 cm.
504 ## - BIBLIOGRAPHY, ETC. NOTE
Bibliography, etc Includes Bibliography and Indexes
650 #0 - SUBJECT ADDED ENTRY--TOPICAL TERM
Topical term or geographic name as entry element Cosmic rays.
9 (RLIN) 157804
Topical term or geographic name as entry element Particles (Nuclear physics)
9 (RLIN) 212783
700 ## - ADDED ENTRY--PERSONAL NAME
Personal name Wilson, J. G.
942 ## - ADDED ENTRY ELEMENTS (KOHA)
Source of classification or shelving scheme Dewey Decimal Classification
Koha item type Books
Holdings
Lost status Source of classification or shelving scheme Damaged status Not for loan Collection code Permanent Location Current Location Shelving location Date acquired Source of acquisition Total Checkouts Full call number Date last seen Copy number Koha item type
  Dewey Decimal Classification   Not For Loan Non-fiction Central Library, University of Rajshahi Central Library, University of Rajshahi Reading Room 30/11/1962 Zeitlinger   539.7223 PRO 1952 09/05/2017 C-1 Books
  Dewey Decimal Classification     Non-fiction Central Library, University of Rajshahi Central Library, University of Rajshahi   28/06/1963 Zeitlinger   539.7223 PRO 1952 09/05/2017 C-2 Books